000 00612nam a2200181Ia 4500
008 151202s9999||||xx |||||||||||||| ||und||
082 _bPNVM-58468
100 _aपोरे सुरेश.
245 _aउन्हातील चांदणे.
260 _b"मेहता पब्लिशींग हाऊस, पुणे."
260 _c1996
300 _a176
600 _aपोरे सुरेश.
630 _aउन्हातील चांदणे.
700 _aपोरे सुरेश.
730 _aउन्हातील चांदणे.
942 _cBOOK
999 _c1325003
_d1325000